| 000 | 01076nam a2200313 a 4500 | ||
|---|---|---|---|
| 001 | dia_5419 | ||
| 003 | CHAP | ||
| 005 | 20251127090246.0 | ||
| 007 | ta | ||
| 008 | 220117s1988 mx abo f 001 0 spa d | ||
| 040 |
_cCHAP _amxchpua |
||
| 090 |
_aT.C.55 _bD53 _c1988 |
||
| 245 | 1 | 0 |
_aAgroindustria de la zona central de Veracruz : características generales / _ccoordinación Salvador Díaz Cárdenas |
| 260 |
_aMéxico : _bEl autor, _c1988 |
||
| 300 |
_a207 hojas : _bilustraciones, tablas, mapas, fotos |
||
| 336 |
_2rdacontent _atexto _btxt |
||
| 337 |
_2rdamedia _asin medio _bn |
||
| 338 |
_2rdacarrier _avolumen _bnc |
||
| 502 |
_aViaje de estudios _b -- _cUACh. Departamento de Ingeniería Agroindustrial, _d1988 |
||
| 650 | 1 | 3 |
_aAgricultura _9158273 _zMéxico _zVeracruz |
| 650 | 1 | 3 |
_aAgriculture _9158274 _zMexico _zVeracruz |
| 700 | 1 |
_aDíaz Cárdenas, Salvador _ecoordinador _933418 |
|
| 901 | _aT.C.55 D53 1988 | ||
| 902 | _aM | ||
| 905 | _a5232271988 MX dn 8222223322SPA16 | ||
| 942 | _2local | ||
| 942 | _cVE | ||
| 999 |
_c176357 _d176357 |
||